000 00733cam a22002653a 4500
001 10076
003 PGUSA
005 20140828083219.0
008 031101s2003||||xxu|||||s|||||000 1 eng d
040 _aPGUSA
_beng
042 _adc
050 4 _aPR
100 1 _aBindloss, Harold,
_d1866-1945
245 1 0 _aLister's Great Adventure
_h[electronic resource] /
_cHarold Bindloss
260 _bProject Gutenberg,
_c2003
506 _aPublic domain in the USA.
516 _aElectronic text
653 _aSalvage -- Fiction
653 _aShipwrecks -- Fiction
653 _aLove stories
653 _aAfrica -- Fiction
830 0 _aProject Gutenberg
_v10076
856 4 0 _uhttp://www.gutenberg.org/ebooks/10076
942 _cEB
999 _c239331
_d239331